000 00657nam a2200253Ia 4500
003 OSt
005 20220918165325.0
006 a|||||r|||| 00| 0
007 ta
008 220917b |||||||| |||| 00| 0 eng d
020 _a331131312
024 _a46,696
037 _cTextual
040 _aARTS
_cARTS
_beng
041 _2eng
_aeng
082 _aO111:g, L2
100 _aDyson A E
_923790
245 0 _aBetween two worlds
_b aspects of literary form
260 _aLondon
_bMacmillan UK
_c1972
300 _a157p.
_ccm.
650 _aENGLISH LITERATURE
942 _hO111:g, L2
_cTEXL
_2CC
999 _c129299
_d129299